Computers, Communications & Information (Record no. 2123)

MARC details
000 -LEADER
fixed length control field 00439nam a2200169Ia 4500
008 - FIXED-LENGTH DATA ELEMENTS--GENERAL INFORMATION
fixed length control field 221030s9999 xx 000 0 und d
020 ## - INTERNATIONAL STANDARD BOOK NUMBER
ISBN 0070445354
041 ## - LANGUAGE CODE
Language code of text/sound track or separate title
082 ## - DEWEY DECIMAL CLASSIFICATION NUMBER
Classification number 105.23
Item number Hut
100 ## - MAIN ENTRY--AUTHOR NAME
Personal name S. E. Hutchinson
245 #0 - TITLE STATEMENT
Title Computers, Communications & Information
Statement of responsibility, etc by S. E. Hutchinson, S.C. Sawyer
260 ## - PUBLICATION, DISTRIBUTION, ETC. (IMPRINT)
Name of publisher TMH
Place of publication New Delhi
Year of publication 201
300 ## - PHYSICAL DESCRIPTION
Number of Pages 14.43
650 ## - SUBJECT ADDED ENTRY--TOPICAL TERM
Topical Term COMPUTERS
700 ## - ADDED ENTRY--PERSONAL NAME
Personal name S.C. Sawyer
942 ## - ADDED ENTRY ELEMENTS (KOHA)
Koha item type Books
Holdings
Accession Number Cost, normal purchase price Full call number Price effective from Koha item type Withdrawn / writtenoff status Materials specified (bound volume or other part) Damaged status Not for loan Permanent Location Current Location Shelving location Date acquired Lost/ Missing status department
M 816 325.00 105.23 Hut 10/30/2022 Books   Print     MIET Library, Jammu MIET Library, Jammu BL-Academic Block- B, FL-2, CUP-95, SH-1, R-1 08/25/2006   MCA